000 00526nam a2200181Ia 4500
008 151202s9999||||xx |||||||||||||| ||und||
082 _bPNVM-41580
100 _aमोहाडीकर लीना.
245 _aकामरंग.
260 _bग्रंथघर मुंबई.
260 _c0
300 _a206
600 _aमोहाडीकर लीना.
630 _aकामरंग.
700 _aमोहाडीकर लीना.
730 _aकामरंग.
942 _cBOOK
999 _c1307532
_d1307529